[Event "FRA-chT3 0405"]
[Site "France"]
[Date "2005.04.03"]
[Round "7.5"]
[White "Henno, Francois"]
[Black "El Hamdi, Aissa"]
[Result "1/2-1/2"]
[WhiteElo "2034"]
[BlackElo "1790"]
[PlyCount "112"]
[EventDate "2004.10.10"]
[EventType "team"]
[EventRounds "9"]
[EventCountry "FRA"]
[SourceTitle "EXT 2007"]
[Source "ChessBase"]
[SourceDate "2006.11.23"]
[SourceVersion "1"]
[SourceVersionDate "2006.11.23"]
[SourceQuality "1"]

1. e4 c6 2. d4 d5 3. Nc3 b5 4. a3 dxe4 5. Nxe4 Bf5 6. Ng3 Be6 7. Nf3 Nf6 8. Bd3 g6 9. 0-0 Bg7 10. c3 Nbd7 11. a4 a6 12. Ne4 0-0 13. Bg5 Qc7 14. Re1 Rad8 15. Qc1 Rfe8 16. Bf4 Qb7 17. Ne5 Bd5 18. Nxf6+ Nxf6 19. Bf1 Qc8 20. axb5 axb5 21. Ra7 Nh5 22. Bh6 Bf6 23. Qe3 Ng7 24. Bxg7 Kxg7 25. Rea1 Qf5 26. Bd3 Qg5 27. Qxg5 Bxg5 28. Be2 Bf4 29. Nd3 Bd6 30. f4 Bc4 31. g3 h5 32. Kf1 f6 33. Nf2 Bd5 34. Bd3 f5 35. h4 Kf6 36. b4 Bb3 37. R7a6 Rc8 38. Ke2 Ke6 39. Kd2 Rc7 40. Nh3 Kd7 41. Nf2 Ba4 42. Bc2 Bxc2 43. Kxc2 e6 44. Kd2 Rd8 45. Ke3 Rdc8 46. Nd3 Ke7 47. Ra8 Kf7 48. Rxc8 Rxc8 49. Ra6 Rc7 50. Nc1 Ke7 51. Nb3 Kd7 52. Na5 Rc8 53. Ra7+ Bc7 54. Nb3 Kd6 55. Nc5 Kd5 56. Kd3 Kd6 1/2-1/2

[Event "FRA-chT3 0405"]
[Site "France"]
[Date "2005.01.09"]
[Round "4.6"]
[White "El Hamdi, Aissa"]
[Black "Coulon, Guillaume"]
[Result "1/2-1/2"]
[WhiteElo "1790"]
[BlackElo "1760"]
[PlyCount "69"]
[EventDate "2004.10.10"]
[EventType "team"]
[EventRounds "9"]
[EventCountry "FRA"]
[SourceTitle "EXT 2007"]
[Source "ChessBase"]
[SourceDate "2006.11.23"]
[SourceVersion "1"]
[SourceVersionDate "2006.11.23"]
[SourceQuality "1"]

1. d4 Nf6 2. c4 g6 3. Nc3 Bg7 4. g3 0-0 5. Bg2 d6 6. Nf3 Nc6 7. 0-0 a6 8. Bg5 h6 9. Bd2 e5 10. d5 Ne7 11. e4 b5 12. cxb5 axb5 13. Qc2 Bd7 14. Rfd1 Qb8 15. b4 Qe8 16. h3 Nh5 17. Kh2 f5 18. Be1 fxe4 19. Nxe4 Rc8 20. Rac1 Nf6 21. Nxf6+ Rxf6 22. Nd2 Bf5 23. Ne4 Rf8 24. Qe2 h5 25. f3 Bd7 26. g4 hxg4 27. hxg4 Qf7 28. Bg3 Nxd5 29. Ng5 Nf4 30. Qe4 Qf6 31. Bxf4 Qxf4+ 32. Qxf4 Rxf4 33. Ne4 Be6 34. a3 Bc4 35. Kg3 1/2-1/2

[Event "Finistere-chT 0304"]
[Site "Finistere"]
[Date "2003.11.29"]
[Round "2.7"]
[White "Ben Khelil, Akram"]
[Black "El Hamdi, Aissa"]
[Result "0-1"]
[WhiteElo "1500"]
[BlackElo "1780"]
[PlyCount "132"]
[EventDate "2003.10.??"]
[EventType "team-swiss"]
[EventRounds "6"]
[EventCountry "FRA"]
[SourceTitle "EXT 2005"]
[Source "ChessBase"]
[SourceDate "2004.11.15"]
[SourceVersion "1"]
[SourceVersionDate "2004.11.15"]
[SourceQuality "1"]

1. c4 Nf6 2. Nc3 e6 3. e3 d5 4. d4 c6 5. c5 Be7 6. g3 Nbd7 7. Nf3 Qc7 8. Bg2 0-0 9. 0-0 e5 10. a3 a5 11. Bd2 Re8 12. Re1 e4 13. Ng5 Bd8 14. f4 exf3 15. Qxf3 Nf8 16. e4 Bg4 17. Qf2 dxe4 18. Ncxe4 Nxe4 19. Nxe4 Be7 20. Bf4 Qd7 21. Nd6 Bxd6 22. Bxd6 Ne6 23. Re3 Ng5 24. Rae1 Rxe3 25. Qxe3 Ne6 26. Qe4 Bh5 27. Qh4 Bg6 28. Bh3 Re8 29. Qg4 Qd8 30. Re5 Qf6 31. Qe2 h6 32. Bxe6 Rxe6 33. Rxe6 fxe6 34. Be5 Qf5 35. Qd2 Qb1+ 36. Kf2 a4 37. h4 Qe4 38. Qc3 Bf5 39. Qe3 Qc2+ 40. Qe2 Qb1 41. Qd2 Bh3 42. Ke3 Bf5 43. Kf2 Qh1 44. Qc3 Be4 45. Ke3 Qf3+ 46. Kd2 Qf2+ 47. Kc1 Qf1+ 48. Kd2 Bf3 49. Qe3 Qd1+ 50. Kc3 Qb3+ 51. Kd2 Qxb2+ 52. Ke1 Bd5 53. Bf4 Qb1+ 54. Qc1 Qe4+ 55. Qe3 Qh1+ 56. Kd2 Qg2+ 57. Qe2 Qg1 58. Qe3 Qb1 59. Qc3 Qa2+ 60. Kc1 Qe2 61. Qd2 Qc4+ 62. Qc2 Qxd4 63. Bxh6 gxh6 64. Qg6+ Qg7 65. Qe8+ Kh7 66. Qc8 Qc3+ 0-1